| 000 | 00438cam a2200169ua 4500 | ||
|---|---|---|---|
| 003 | OSt | ||
| 008 | 250802b |||||||| |||| 00| 0 eng d | ||
| 041 | _aeng | ||
| 082 |
_a624.183412 _bMOR/PR |
||
| 100 |
_aMorice, P B . _97644 |
||
| 245 | _aPrestressed concrete theory and practice / | ||
| 250 | _a1 / | ||
| 260 |
_aLondon : _bSir Isaac Pitman sons Ltd , _c1958. |
||
| 300 | _a394 ; . | ||
| 700 | 1 |
_aCooley, E H . _97645 |
|
| 942 | _cBK | ||
| 999 |
_c2902 _d2902 |
||